000
00303nam a22001337a 4500
008
170829b xxu||||| |||| 00| 0 eng d
020
_a
9780205477531
041
_a
eng
080
_2
8TH
_a
070
100
_a
39
101
_a
MED
245
_a
THE MEDIA OF MASS COMMUNACTION
_c
VIVIAN,J
942
_2
udc
_c
BK
999
_c
25277
_d
25277